000 01136nam a2200217Ia 4500
003 Ost
005 20260507075024.0
008 260507s9999||||xx |||||||||||||| ||und||
040 _cfsecg
041 _aara
082 _a330
100 _aالعيسوي، فايز محمد
_eمؤلف
245 0 _aأسس الجغرافيا البشرية /
_c فايز محمد العيسوي
260 _aالإسكندرية:
_bدار المعرفة الجامعية,
_c2003
300 _a400 صفحة؛
_bإيضاحات ؛
_c24 سم
520 _aالجغرافيا البشرية مغزاها ومجالها- الإنسان وسلالاته- سكان العالم- الحركة العامة للسكان- التباين الحضاري- لغات البشر- الجغرافيا والديانات الرئيسية في العالم-تأثير الإنسان عاى النظام البيئي- الأنشطة الإقتصادية للبشر- ثورة المعلومات ومستقبل الجغرافية البشرية
653 _aالجغرافيا البشرية
653 _aالسكان
653 _aالعالم
942 _cكتاب
999 _c42308
_d42308